[Event "Girls U12 Polish Youth Championship"]
[Site "chess24.com"]
[Date "2018.05.03"]
[Round "7"]
[White "Barwinska, Ewa"]
[Black "Pawicka, Magdalena"]
[Result "1/2-1/2"]
[Board "2"]
[WhiteElo "1517"]
[WhiteCountry "POL"]
[WhiteFideId "21833761"]
[WhiteEloChange "7"]
[BlackElo "1789"]
[BlackCountry "POL"]
[BlackFideId "21836507"]
[BlackEloChange "-7"]

1. e4 {[%clk 1:30:57]} e5 {[%clk 1:30:51]} 2. Nf3 {[%clk 1:31:02]} Nc6 {[%clk
1:31:10]} 3. Bb5 {[%clk 1:30:54]} a6 {[%clk 1:31:32]} 4. Ba4 {[%clk 1:30:48]} d6
{[%clk 1:31:48]} 5. O-O {[%clk 1:29:57]} Bd7 {[%clk 1:31:33]} 6. c3 {[%clk
1:27:19]} g6 {[%clk 1:31:37]} 7. d4 {[%clk 1:25:31]} Bg7 {[%clk 1:31:46]} 8. Re1
{[%clk 1:23:00]} b5 {[%clk 1:28:24]} 9. Bc2 {[%clk 1:21:58]} Nf6 {[%clk 1:28:21]}
10. h3 {[%clk 1:19:35]} O-O {[%clk 1:27:52]} 11. Be3 {[%clk 1:15:51]} Re8 {[%clk
1:22:06]} 12. Nbd2 {[%clk 1:11:03]} Qe7 {[%clk 1:16:57]} 13. dxe5 {[%clk
1:08:53]} Nxe5 {[%clk 1:16:17]} 14. Nxe5 {[%clk 1:07:52]} dxe5 {[%clk 1:15:38]}
15. Nb3 {[%clk 1:06:58]} Bc6 {[%clk 1:12:29]} 16. Nc5 {[%clk 1:05:17]} Nd7 {[%clk
1:06:05]} 17. b4 {[%clk 1:02:30]} Rad8 {[%clk 1:02:16]} 18. Qe2 {[%clk 1:01:38]}
Nxc5 {[%clk 0:57:37]} 19. Bxc5 {[%clk 1:01:55]} Qf6 {[%clk 0:57:35]} 20. c4
{[%clk 1:00:03]} Rd7 {[%clk 0:54:43]} 21. Rad1 {[%clk 0:58:27]} Red8 {[%clk
0:52:38]} 22. Rxd7 {[%clk 0:57:51]} Rxd7 {[%clk 0:52:10]} 23. cxb5 {[%clk
0:55:58]} Bxb5 {[%clk 0:51:33]} 24. Qe3 {[%clk 0:55:40]} Qd8 {[%clk 0:47:32]} 25.
Qf3 {[%clk 0:53:06]} Bf8 {[%clk 0:42:02]} 26. Bxf8 {[%clk 0:52:12]} Qxf8 {[%clk
0:40:41]} 27. Qc3 {[%clk 0:50:13]} Qe7 {[%clk 0:38:47]} 28. a4 {[%clk 0:49:21]}
c5 {[%clk 0:34:05]} 29. axb5 {[%clk 0:48:14]} cxb4 {[%clk 0:34:17]} 30. Qc8+
{[%clk 0:47:45]} Kg7 {[%clk 0:34:14]} 31. bxa6 {[%clk 0:43:58]} Rc7 {[%clk
0:32:37]} 32. Qb8 {[%clk 0:44:11]} Rxc2 {[%clk 0:31:07]} 33. a7 {[%clk 0:44:10]}
Qc5 {[%clk 0:31:14]} 34. Rf1 {[%clk 0:42:56]} Rc1 {[%clk 0:30:59]} 35. a8Q {[%clk
0:41:13]} Rxf1+ {[%clk 0:31:19]} 36. Kh2 {[%clk 0:41:05]} Rh1+ {[%clk 0:31:31]}
37. Kxh1 {[%clk 0:37:35]} Qc1+ {[%clk 0:31:55]} 1/2-1/2

[Event "Girls U12 Polish Youth Championship"]
[Site "chess24.com"]
[Date "2018.05.03"]
[Round "7"]
[White "Dallemura, Anna"]
[Black "Mroz, Lena"]
[Result "0-1"]
[Board "3"]
[WhiteElo "1268"]
[WhiteCountry "POL"]
[WhiteFideId "21823022"]
[WhiteEloChange "-4"]
[BlackElo "1501"]
[BlackCountry "POL"]
[BlackFideId "21830916"]
[BlackEloChange "4"]

1. e4 {[%clk 1:30:58]} c5 {[%clk 1:30:49]} 2. Nf3 {[%clk 1:31:21]} a6 {[%clk
1:30:58]} 3. c3 {[%clk 1:31:38]} d5 {[%clk 1:31:07]} 4. exd5 {[%clk 1:31:46]}
Qxd5 {[%clk 1:31:16]} 5. d4 {[%clk 1:31:36]} e6 {[%clk 1:31:14]} 6. Be2 {[%clk
1:31:46]} Nf6 {[%clk 1:30:50]} 7. O-O {[%clk 1:31:27]} Be7 {[%clk 1:30:55]} 8.
Be3 {[%clk 1:30:20]} cxd4 {[%clk 1:30:54]} 9. Nxd4 {[%clk 1:30:25]} O-O {[%clk
1:30:08]} 10. Bf3 {[%clk 1:29:29]} Qd6 {[%clk 1:29:48]} 11. Nd2 {[%clk 1:28:21]}
e5 {[%clk 1:28:58]} 12. N4b3 {[%clk 1:25:41]} Qc7 {[%clk 1:27:39]} 13. Re1 {[%clk
1:23:06]} Bf5 {[%clk 1:26:15]} 14. Bg5 {[%clk 1:19:42]} Nbd7 {[%clk 1:18:02]} 15.
Bxf6 {[%clk 1:17:05]} Nxf6 {[%clk 1:16:55]} 16. Ne4 {[%clk 1:10:52]} Rad8 {[%clk
1:13:04]} 17. Qe2 {[%clk 1:08:30]} Nxe4 {[%clk 1:08:39]} 18. Bxe4 {[%clk
1:08:36]} Be6 {[%clk 1:08:10]} 19. Bf3 {[%clk 1:04:22]} Bd6 {[%clk 1:06:38]} 20.
h3 {[%clk 1:02:40]} f5 {[%clk 1:03:57]} 21. Qc2 {[%clk 0:58:52]} Qf7 {[%clk
1:02:00]} 22. Rad1 {[%clk 0:54:10]} e4 {[%clk 0:58:13]} 23. Be2 {[%clk 0:53:13]}
Qg6 {[%clk 0:56:56]} 24. Rf1 {[%clk 0:39:55]} Kh8 {[%clk 0:52:59]} 25. Kh1 {[%clk
0:29:21]} Qh6 {[%clk 0:49:05]} 26. Nd4 {[%clk 0:20:04]} Bc8 {[%clk 0:47:07]} 27.
Kg1 {[%clk 0:15:10]} Qf4 {[%clk 0:39:49]} 28. g3 {[%clk 0:14:19]} Qh6 {[%clk
0:38:58]} 29. Rfe1 {[%clk 0:10:47]} Qxh3 {[%clk 0:37:19]} 30. Bf1 {[%clk
0:10:49]} Qg4 {[%clk 0:35:20]} 31. Qe2 {[%clk 0:07:07]} Qg6 {[%clk 0:34:43]} 32.
Bg2 {[%clk 0:05:41]} Rde8 {[%clk 0:34:00]} 33. b4 {[%clk 0:00:45]} e3 {[%clk
0:33:18]} 34. f4 {[%clk 0:00:46]} Qxg3 {[%clk 0:33:25]} 35. Nxf5 {[%clk 0:00:35]}
Bxf5 {[%clk 0:33:17]} 36. Rxd6 {[%clk 0:00:54]} Be4 {[%clk 0:33:24]} 37. Kh1
{[%clk 0:00:36]} Bxg2+ {[%clk 0:33:46]} 38. Qxg2 {[%clk 0:00:38]} Qxe1+ {[%clk
0:34:08]} 39. Kh2 {[%clk 0:00:41]} Qh4+ {[%clk 0:34:18]} 40. Kg1 {[%clk 0:00:56]}
e2 {[%clk 0:34:15]} 0-1

[Event "Girls U12 Polish Youth Championship"]
[Site "chess24.com"]
[Date "2018.05.03"]
[Round "7"]
[White "Zabrzanska, Weronika"]
[Black "Tokarz, Izabela"]
[Result "1/2-1/2"]
[Board "4"]
[WhiteElo "1557"]
[WhiteCountry "POL"]
[WhiteFideId "21825173"]
[WhiteEloChange "-6"]
[BlackElo "1337"]
[BlackCountry "POL"]
[BlackFideId "21849170"]
[BlackEloChange "6"]

1. e4 {[%clk 1:30:58]} c5 {[%clk 1:30:44]} 2. Nf3 {[%clk 1:31:21]} d6 {[%clk
1:30:54]} 3. c3 {[%clk 1:31:45]} Nf6 {[%clk 1:30:39]} 4. Be2 {[%clk 1:31:59]} g6
{[%clk 1:27:29]} 5. O-O {[%clk 1:30:33]} Bg7 {[%clk 1:27:19]} 6. Re1 {[%clk
1:29:30]} O-O {[%clk 1:24:39]} 7. Bf1 {[%clk 1:29:19]} Nc6 {[%clk 1:24:03]} 8. h3
{[%clk 1:27:13]} Qc7 {[%clk 1:18:57]} 9. d4 {[%clk 1:24:22]} cxd4 {[%clk
1:18:54]} 10. cxd4 {[%clk 1:23:55]} e5 {[%clk 1:17:35]} 11. d5 {[%clk 1:23:14]}
Ne7 {[%clk 1:17:51]} 12. Nc3 {[%clk 1:23:12]} a6 {[%clk 1:15:28]} 13. Be3 {[%clk
1:19:55]} b5 {[%clk 1:14:03]} 14. Rc1 {[%clk 1:15:08]} Qb7 {[%clk 1:13:01]} 15.
Bd3 {[%clk 1:10:54]} Nd7 {[%clk 1:11:50]} 16. b4 {[%clk 1:04:17]} f5 {[%clk
1:10:31]} 17. Bc2 {[%clk 0:48:42]} Nb6 {[%clk 1:10:16]} 18. Bxb6 {[%clk 0:47:58]}
Qxb6 {[%clk 1:10:31]} 19. Re2 {[%clk 0:45:32]} Bd7 {[%clk 1:08:16]} 20. Bb3
{[%clk 0:41:33]} Kh8 {[%clk 1:07:15]} 21. Kh1 {[%clk 0:37:59]} Bh6 {[%clk
1:02:11]} 22. Rcc2 {[%clk 0:36:25]} g5 {[%clk 0:56:19]} 23. exf5 {[%clk 0:30:17]}
Bxf5 {[%clk 0:55:48]} 24. Ne4 {[%clk 0:28:46]} Bxe4 {[%clk 0:51:34]} 25. Rxe4
{[%clk 0:28:54]} Rac8 {[%clk 0:50:17]} 26. Ree2 {[%clk 0:28:25]} Nf5 {[%clk
0:50:03]} 27. Rxc8 {[%clk 0:26:16]} Rxc8 {[%clk 0:50:25]} 28. Rc2 {[%clk
0:26:06]} Rf8 {[%clk 0:48:48]} 29. Rc6 {[%clk 0:24:10]} Qxf2 {[%clk 0:44:04]} 30.
Qg1 {[%clk 0:23:35]} Ng3+ {[%clk 0:39:45]} 31. Kh2 {[%clk 0:23:54]} 1/2-1/2

[Event "Girls U12 Polish Youth Championship"]
[Site "chess24.com"]
[Date "2018.05.03"]
[Round "7"]
[White "Obrochta, Lena"]
[Black "Gaj, Magdalena"]
[Result "1/2-1/2"]
[Board "5"]
[WhiteElo "1342"]
[WhiteCountry "POL"]
[WhiteFideId "21836477"]
[WhiteEloChange "6"]
[BlackElo "1585"]
[BlackCountry "POL"]
[BlackFideId "21804397"]
[BlackEloChange "-6"]

1. e4 {[%clk 1:30:59]} c5 {[%clk 1:30:57]} 2. Nc3 {[%clk 1:31:21]} d6 {[%clk
1:31:22]} 3. Bb5+ {[%clk 1:31:34]} Bd7 {[%clk 1:31:37]} 4. Bxd7+ {[%clk 1:31:56]}
Qxd7 {[%clk 1:31:56]} 5. f4 {[%clk 1:32:15]} Nc6 {[%clk 1:31:51]} 6. Nf3 {[%clk
1:32:16]} g6 {[%clk 1:31:32]} 7. d3 {[%clk 1:30:02]} Bg7 {[%clk 1:31:36]} 8. O-O
{[%clk 1:29:17]} e6 {[%clk 1:31:46]} 9. Bd2 {[%clk 1:27:59]} Nge7 {[%clk
1:31:30]} 10. Kh1 {[%clk 1:26:48]} O-O {[%clk 1:30:15]} 11. a3 {[%clk 1:24:54]}
Nd4 {[%clk 1:21:47]} 12. Nxd4 {[%clk 1:18:30]} Bxd4 {[%clk 1:19:29]} 13. Qe1
{[%clk 1:16:25]} Nc6 {[%clk 1:16:54]} 14. Qh4 {[%clk 1:14:45]} f5 {[%clk
1:00:57]} 15. Qg3 {[%clk 1:03:10]} Rae8 {[%clk 0:52:01]} 16. Rae1 {[%clk
0:59:52]} Bg7 {[%clk 0:48:29]} 17. Bc1 {[%clk 0:49:43]} Nd4 {[%clk 0:46:37]} 18.
Rf2 {[%clk 0:45:18]} b5 {[%clk 0:42:03]} 19. Nd1 {[%clk 0:42:58]} a5 {[%clk
0:39:36]} 20. Ne3 {[%clk 0:41:14]} fxe4 {[%clk 0:30:38]} 21. dxe4 {[%clk
0:40:16]} b4 {[%clk 0:30:03]} 22. axb4 {[%clk 0:36:05]} axb4 {[%clk 0:27:43]} 23.
c3 {[%clk 0:33:49]} bxc3 {[%clk 0:26:02]} 24. bxc3 {[%clk 0:34:11]} Nb5 {[%clk
0:25:31]} 25. c4 {[%clk 0:34:13]} Nc3 {[%clk 0:24:11]} 26. Nc2 {[%clk 0:30:50]}
Qc6 {[%clk 0:19:29]} 27. Qd3 {[%clk 0:28:14]} d5 {[%clk 0:17:44]} 28. exd5 {[%clk
0:24:44]} exd5 {[%clk 0:17:50]} 29. cxd5 {[%clk 0:22:45]} Nxd5 {[%clk 0:15:52]}
30. Ref1 {[%clk 0:20:26]} c4 {[%clk 0:14:10]} 31. Qg3 {[%clk 0:18:42]} c3 {[%clk
0:10:24]} 32. f5 {[%clk 0:16:52]} gxf5 {[%clk 0:08:00]} 33. Rxf5 {[%clk 0:16:40]}
Rxf5 {[%clk 0:07:48]} 34. Rxf5 {[%clk 0:16:54]} Qe6 {[%clk 0:07:30]} 35. Rf1
{[%clk 0:16:24]} Qe2 {[%clk 0:07:22]} 36. Re1 {[%clk 0:14:52]} Qh5 {[%clk
0:06:52]} 37. Rxe8+ {[%clk 0:10:05]} Qxe8 {[%clk 0:07:11]} 38. Bh6 {[%clk
0:09:25]} Qf7 {[%clk 0:05:02]} 39. Qxg7+ {[%clk 0:09:18]} Qxg7 {[%clk 0:05:26]}
40. Bxg7 {[%clk 0:09:42]} Kxg7 {[%clk 0:05:52]} 41. Kg1 {[%clk 0:10:01]} Kf6
{[%clk 0:05:40]} 1/2-1/2

[Event "Girls U12 Polish Youth Championship"]
[Site "chess24.com"]
[Date "2018.05.03"]
[Round "7"]
[White "Bar, Klaudia"]
[Black "Bialek, Alicja"]
[Result "1-0"]
[Board "6"]
[WhiteElo "1295"]
[WhiteCountry "POL"]
[WhiteFideId "21836337"]
[WhiteEloChange "11"]
[BlackElo "1315"]
[BlackCountry "POL"]
[BlackFideId "21836345"]
[BlackEloChange "-11"]

1. e4 {[%clk 1:30:57]} c5 {[%clk 1:30:53]} 2. Nf3 {[%clk 1:30:58]} a6 {[%clk
1:31:00]} 3. g3 {[%clk 1:25:44]} Nc6 {[%clk 1:22:10]} 4. Bg2 {[%clk 1:25:52]} Nf6
{[%clk 1:21:12]} 5. Nc3 {[%clk 1:25:39]} b5 {[%clk 1:16:20]} 6. d3 {[%clk
1:22:19]} Bb7 {[%clk 1:15:15]} 7. O-O {[%clk 1:22:11]} d6 {[%clk 1:13:57]} 8. Re1
{[%clk 1:20:10]} Qc7 {[%clk 1:07:45]} 9. b3 {[%clk 1:18:25]} g6 {[%clk 1:07:46]}
10. Bb2 {[%clk 1:18:28]} Bg7 {[%clk 1:05:31]} 11. Nd5 {[%clk 1:18:33]} Qd8 {[%clk
1:05:47]} 12. c4 {[%clk 1:17:30]} O-O {[%clk 1:05:58]} 13. Rb1 {[%clk 1:16:54]}
e6 {[%clk 0:56:48]} 14. Nxf6+ {[%clk 1:14:03]} Bxf6 {[%clk 0:57:03]} 15. Bxf6
{[%clk 1:14:22]} Qxf6 {[%clk 0:57:19]} 16. Qd2 {[%clk 1:07:31]} d5 {[%clk
0:52:25]} 17. exd5 {[%clk 1:06:03]} exd5 {[%clk 0:52:45]} 18. cxd5 {[%clk
1:05:09]} Nb4 {[%clk 0:53:05]} 19. d4 {[%clk 1:04:32]} Nxd5 {[%clk 0:48:35]} 20.
dxc5 {[%clk 1:03:46]} Nc3 {[%clk 0:47:49]} 21. Rbc1 {[%clk 1:02:57]} Nxa2 {[%clk
0:47:21]} 22. Qxa2 {[%clk 1:02:53]} Bxf3 {[%clk 0:47:44]} 23. Bxf3 {[%clk
1:02:12]} Qxf3 {[%clk 0:48:08]} 24. c6 {[%clk 1:02:00]} Rfc8 {[%clk 0:48:10]} 25.
Re3 {[%clk 1:00:45]} Qd5 {[%clk 0:47:33]} 26. c7 {[%clk 1:00:23]} Ra7 {[%clk
0:46:34]} 27. Qa5 {[%clk 1:00:22]} Qd6 {[%clk 0:41:42]} 28. Rec3 {[%clk 1:00:28]}
Kg7 {[%clk 0:39:40]} 29. Rc6 {[%clk 1:00:45]} Qd7 {[%clk 0:39:53]} 30. Qb6 {[%clk
1:00:42]} Raa8 {[%clk 0:39:44]} 31. Rd6 {[%clk 1:00:32]} Qe7 {[%clk 0:39:38]} 32.
Qd4+ {[%clk 1:00:02]} Kh6 {[%clk 0:35:57]} 33. Qd2+ {[%clk 0:58:21]} Kg7 {[%clk
0:36:01]} 34. Rd7 {[%clk 0:56:41]} Qf6 {[%clk 0:32:11]} 35. Rd1 {[%clk 0:56:21]}
Qf3 {[%clk 0:29:38]} 36. Qd6 {[%clk 0:52:15]} a5 {[%clk 0:22:30]} 37. Rd8 {[%clk
0:52:34]} Qf6 {[%clk 0:16:05]} 38. Qf8# {[%clk 0:52:51]} 1-0

[Event "Girls U12 Polish Youth Championship"]
[Site "chess24.com"]
[Date "2018.05.03"]
[Round "7"]
[White "Grzesik, Nikola"]
[Black "Jedrzejewska, Zuzanna"]
[Result "0-1"]
[Board "7"]
[WhiteElo "1313"]
[WhiteCountry "POL"]
[WhiteFideId "21816590"]
[WhiteEloChange "-14"]
[BlackElo "1152"]
[BlackCountry "POL"]
[BlackFideId "21833770"]
[BlackEloChange "14"]

1. e4 {[%clk 1:30:30]} c5 {[%clk 1:30:55]} 2. Nf3 {[%clk 1:31:22]} d6 {[%clk
1:31:16]} 3. d4 {[%clk 1:31:47]} cxd4 {[%clk 1:31:37]} 4. Nxd4 {[%clk 1:32:12]}
Nf6 {[%clk 1:31:53]} 5. Nc3 {[%clk 1:32:30]} a6 {[%clk 1:32:18]} 6. Be2 {[%clk
1:32:46]} e5 {[%clk 1:32:34]} 7. Nb3 {[%clk 1:33:10]} Be6 {[%clk 1:32:42]} 8. Be3
{[%clk 1:33:23]} Be7 {[%clk 1:32:54]} 9. O-O {[%clk 1:33:46]} O-O {[%clk
1:33:05]} 10. f4 {[%clk 1:34:09]} Nc6 {[%clk 1:28:59]} 11. f5 {[%clk 1:34:27]}
Bd7 {[%clk 1:28:20]} 12. a3 {[%clk 1:29:26]} b5 {[%clk 1:26:51]} 13. Rf3 {[%clk
1:24:00]} Ng4 {[%clk 1:22:22]} 14. Nd5 {[%clk 1:21:55]} Nxe3 {[%clk 1:21:19]} 15.
Rxe3 {[%clk 1:21:15]} Bf6 {[%clk 1:15:11]} 16. Rg3 {[%clk 1:16:55]} Kh8 {[%clk
1:09:07]} 17. Bg4 {[%clk 1:13:06]} g6 {[%clk 1:04:49]} 18. fxg6 {[%clk 1:13:04]}
Bxg4 {[%clk 1:05:03]} 19. g7+ {[%clk 1:13:15]} Bxg7 {[%clk 1:03:55]} 20. Qxg4
{[%clk 1:13:39]} Rg8 {[%clk 1:00:51]} 21. Qf5 {[%clk 1:08:10]} Ne7 {[%clk
0:55:06]} 22. Qxf7 {[%clk 1:06:02]} Nxd5 {[%clk 0:53:04]} 23. Qxd5 {[%clk
1:06:11]} Qb6+ {[%clk 0:52:41]} 24. Kh1 {[%clk 1:02:38]} Raf8 {[%clk 0:52:11]}
25. Qd2 {[%clk 0:55:10]} Qf2 {[%clk 0:49:35]} 26. Qxf2 {[%clk 0:40:32]} Rxf2
{[%clk 0:49:59]} 27. Rc3 {[%clk 0:36:57]} Re2 {[%clk 0:45:12]} 28. Rc6 {[%clk
0:33:30]} Bf8 {[%clk 0:44:25]} 29. g3 {[%clk 0:31:52]} Rxe4 {[%clk 0:43:44]} 30.
Rxa6 {[%clk 0:28:30]} Re2 {[%clk 0:43:34]} 31. Rc6 {[%clk 0:28:21]} Rg7 {[%clk
0:39:09]} 32. Rf1 {[%clk 0:27:54]} Kg8 {[%clk 0:38:35]} 33. Rc8 {[%clk 0:27:30]}
Rf7 {[%clk 0:38:31]} 34. Rxf7 {[%clk 0:26:26]} Kxf7 {[%clk 0:38:36]} 35. Rc3
{[%clk 0:23:45]} d5 {[%clk 0:34:29]} 36. Kg1 {[%clk 0:21:28]} d4 {[%clk 0:33:33]}
37. Rf3+ {[%clk 0:21:45]} Kg7 {[%clk 0:33:21]} 38. Rf2 {[%clk 0:22:00]} Re3
{[%clk 0:31:36]} 39. Rd2 {[%clk 0:19:00]} Kg6 {[%clk 0:31:00]} 40. Kf2 {[%clk
0:18:35]} Bh6 {[%clk 0:30:06]} 41. Re2 {[%clk 0:17:49]} Kf5 {[%clk 0:28:42]} 42.
h3 {[%clk 0:17:02]} Ke6 {[%clk 0:24:57]} 43. Nc5+ {[%clk 0:16:14]} Kd5 {[%clk
0:23:46]} 44. Nb3 {[%clk 0:15:38]} e4 {[%clk 0:21:46]} 45. Rxe3 {[%clk 0:15:21]}
Bxe3+ {[%clk 0:20:51]} 46. Ke2 {[%clk 0:15:37]} Bh6 {[%clk 0:20:04]} 47. Na5
{[%clk 0:14:48]} Bc1 {[%clk 0:18:43]} 48. b3 {[%clk 0:13:01]} Bxa3 {[%clk
0:18:41]} 49. Nb7 {[%clk 0:13:03]} Be7 {[%clk 0:16:32]} 50. Kd2 {[%clk 0:10:59]}
Kc6 {[%clk 0:14:57]} 51. Na5+ {[%clk 0:11:07]} Kb6 {[%clk 0:14:45]} 52. Nc4+
{[%clk 0:09:40]} bxc4 {[%clk 0:14:58]} 53. bxc4 {[%clk 0:10:06]} Kc5 {[%clk
0:15:11]} 54. c3 {[%clk 0:10:05]} Bg5+ {[%clk 0:14:57]} 55. Kc2 {[%clk 0:10:20]}
d3+ {[%clk 0:15:09]} 56. Kd1 {[%clk 0:10:43]} Kxc4 {[%clk 0:15:17]} 57. h4 {[%clk
0:11:08]} Bh6 {[%clk 0:14:57]} 58. g4 {[%clk 0:11:32]} e3 {[%clk 0:14:51]} 59. g5
{[%clk 0:11:55]} Bxg5 {[%clk 0:15:16]} 60. hxg5 {[%clk 0:12:06]} Kxc3 {[%clk
0:15:36]} 61. g6 {[%clk 0:11:39]} hxg6 {[%clk 0:15:59]} 62. Kc1 {[%clk 0:12:03]}
e2 {[%clk 0:15:49]} 63. Kb1 {[%clk 0:12:29]} e1Q+ {[%clk 0:16:00]} 64. Ka2 {[%clk
0:12:56]} g5 {[%clk 0:16:10]} 65. Ka3 {[%clk 0:13:12]} Qa1# {[%clk 0:16:33]} 0-1

[Event "Girls U12 Polish Youth Championship"]
[Site "chess24.com"]
[Date "2018.05.03"]
[Round "7"]
[White "Szczotka, Matylda"]
[Black "Arciszewska, Zuzanna"]
[Result "1-0"]
[Board "8"]
[WhiteElo "1204"]
[WhiteCountry "POL"]
[WhiteFideId "21858918"]
[WhiteEloChange "13"]
[BlackElo "1302"]
[BlackCountry "POL"]
[BlackFideId "21816549"]
[BlackEloChange "-13"]

1. e4 {[%clk 1:30:58]} c5 {[%clk 1:30:46]} 2. Nf3 {[%clk 1:31:21]} e6 {[%clk
1:30:50]} 3. d4 {[%clk 1:31:44]} cxd4 {[%clk 1:30:56]} 4. Nxd4 {[%clk 1:32:05]}
a6 {[%clk 1:30:54]} 5. Bd3 {[%clk 1:32:19]} Qc7 {[%clk 1:30:35]} 6. O-O {[%clk
1:32:00]} Nf6 {[%clk 1:30:18]} 7. Qe2 {[%clk 1:31:21]} b5 {[%clk 1:29:11]} 8. Kh1
{[%clk 1:26:30]} Bb7 {[%clk 1:28:30]} 9. f4 {[%clk 1:21:56]} Bc5 {[%clk 1:26:59]}
10. Nf3 {[%clk 1:18:55]} d6 {[%clk 1:24:29]} 11. a3 {[%clk 1:16:10]} Nbd7 {[%clk
1:22:24]} 12. Nc3 {[%clk 1:15:46]} O-O {[%clk 1:21:12]} 13. Bd2 {[%clk 1:12:09]}
Rac8 {[%clk 1:17:20]} 14. Qe1 {[%clk 1:09:51]} Kh8 {[%clk 1:08:22]} 15. Qh4
{[%clk 1:06:53]} e5 {[%clk 1:02:59]} 16. Ng5 {[%clk 0:55:42]} h6 {[%clk 0:35:05]}
17. fxe5 {[%clk 0:46:37]} dxe5 {[%clk 0:34:56]} 18. Rf3 {[%clk 0:45:24]} Kg8
{[%clk 0:30:51]} 19. Rh3 {[%clk 0:42:37]} h5 {[%clk 0:21:32]} 20. Ne2 {[%clk
0:38:25]} g6 {[%clk 0:19:55]} 21. Rf1 {[%clk 0:33:01]} Ng4 {[%clk 0:19:16]} 22.
Rhf3 {[%clk 0:30:41]} Be7 {[%clk 0:12:28]} 23. Ng3 {[%clk 0:27:23]} Ngf6 {[%clk
0:11:26]} 24. R3f2 {[%clk 0:23:33]} Kg7 {[%clk 0:10:47]} 25. Qh3 {[%clk 0:14:54]}
Rh8 {[%clk 0:10:02]} 26. Ne2 {[%clk 0:11:10]} Qc6 {[%clk 0:09:43]} 27. Nc3 {[%clk
0:10:47]} Bc5 {[%clk 0:09:40]} 28. Rf3 {[%clk 0:10:31]} Rcf8 {[%clk 0:09:38]} 29.
Nd5 {[%clk 0:09:23]} Nxd5 {[%clk 0:08:34]} 30. Rxf7+ {[%clk 0:09:35]} Rxf7 {[%clk
0:08:35]} 31. Rxf7+ {[%clk 0:09:54]} Kg8 {[%clk 0:08:58]} 32. exd5 {[%clk
0:09:55]} Qb6 {[%clk 0:08:34]} 33. Qxd7 {[%clk 0:08:53]} Bf8 {[%clk 0:08:04]} 34.
Rxf8+ {[%clk 0:08:02]} Kxf8 {[%clk 0:08:19]} 35. Qf7# {[%clk 0:08:29]} 1-0

[Event "Girls U12 Polish Youth Championship"]
[Site "chess24.com"]
[Date "2018.05.03"]
[Round "7"]
[White "Palejko, Maria"]
[Black "Miranowska, Anna"]
[Result "0-1"]
[Board "9"]
[WhiteElo "1294"]
[WhiteCountry "POL"]
[WhiteFideId "21838208"]
[WhiteEloChange "-14"]
[BlackElo "1146"]
[BlackCountry "POL"]
[BlackFideId "21847274"]
[BlackEloChange "14"]

1. e4 {[%clk 1:30:57]} c6 {[%clk 1:30:57]} 2. d4 {[%clk 1:31:17]} d5 {[%clk
1:31:24]} 3. Nc3 {[%clk 1:31:40]} dxe4 {[%clk 1:31:50]} 4. Nxe4 {[%clk 1:31:51]}
Nd7 {[%clk 1:32:14]} 5. Be2 {[%clk 1:31:01]} Ngf6 {[%clk 1:32:35]} 6. Nxf6+
{[%clk 1:30:54]} Nxf6 {[%clk 1:32:59]} 7. h3 {[%clk 1:30:11]} Bf5 {[%clk
1:32:31]} 8. Nf3 {[%clk 1:29:38]} e6 {[%clk 1:31:52]} 9. Be3 {[%clk 1:27:38]} Qb6
{[%clk 1:28:05]} 10. b3 {[%clk 1:22:01]} c5 {[%clk 1:25:19]} 11. O-O {[%clk
1:18:20]} Be7 {[%clk 1:23:46]} 12. c3 {[%clk 1:12:18]} O-O {[%clk 1:21:13]} 13.
Qd2 {[%clk 1:09:23]} cxd4 {[%clk 1:20:25]} 14. Qxd4 {[%clk 1:07:24]} Qxd4 {[%clk
1:17:46]} 15. Nxd4 {[%clk 1:06:02]} Bg6 {[%clk 1:16:25]} 16. Bf3 {[%clk 1:05:11]}
Be4 {[%clk 1:13:27]} 17. Bg5 {[%clk 0:57:44]} Bxf3 {[%clk 1:12:19]} 18. Nxf3
{[%clk 0:56:56]} Rac8 {[%clk 1:11:35]} 19. c4 {[%clk 0:56:14]} Rfd8 {[%clk
1:11:07]} 20. Rad1 {[%clk 0:56:02]} h6 {[%clk 1:10:45]} 21. Be3 {[%clk 0:54:25]}
a6 {[%clk 1:10:22]} 22. Bb6 {[%clk 0:52:35]} Rxd1 {[%clk 1:07:06]} 23. Rxd1
{[%clk 0:52:51]} Rc6 {[%clk 1:06:51]} 24. Bd8 {[%clk 0:50:04]} Rd6 {[%clk
1:06:47]} 25. Rxd6 {[%clk 0:49:49]} Bxd6 {[%clk 1:07:13]} 26. Bxf6 {[%clk
0:50:01]} gxf6 {[%clk 1:07:38]} 27. g4 {[%clk 0:49:14]} Kg7 {[%clk 1:07:15]} 28.
Ne1 {[%clk 0:48:00]} Kg6 {[%clk 1:02:57]} 29. Kg2 {[%clk 0:47:28]} f5 {[%clk
1:02:57]} 30. f3 {[%clk 0:47:19]} fxg4 {[%clk 1:02:29]} 31. hxg4 {[%clk 0:47:15]}
f5 {[%clk 1:02:20]} 32. Nd3 {[%clk 0:45:32]} h5 {[%clk 0:53:37]} 33. gxf5+ {[%clk
0:43:09]} Kxf5 {[%clk 0:53:54]} 34. Kh3 {[%clk 0:42:41]} Be7 {[%clk 0:51:28]} 35.
a4 {[%clk 0:38:17]} a5 {[%clk 0:50:49]} 36. Kg3 {[%clk 0:36:02]} e5 {[%clk
0:49:42]} 37. Ne1 {[%clk 0:31:47]} e4 {[%clk 0:48:52]} 38. Ng2 {[%clk 0:27:26]}
Ke5 {[%clk 0:40:44]} 39. Ne3 {[%clk 0:22:38]} Bc5 {[%clk 0:37:36]} 40. Nd5 {[%clk
0:18:59]} e3 {[%clk 0:34:07]} 41. Nc3 {[%clk 0:18:16]} Kd4 {[%clk 0:33:21]} 42.
Ne2+ {[%clk 0:17:32]} Kd3 {[%clk 0:33:13]} 43. Nf4+ {[%clk 0:17:31]} Kd2 {[%clk
0:33:09]} 44. Ng2 {[%clk 0:17:17]} e2 {[%clk 0:33:22]} 45. f4 {[%clk 0:16:55]}
e1Q+ {[%clk 0:33:42]} 46. Nxe1 {[%clk 0:17:19]} Kxe1 {[%clk 0:34:06]} 47. f5
{[%clk 0:17:40]} Kd2 {[%clk 0:34:31]} 48. f6 {[%clk 0:17:23]} Kc3 {[%clk
0:35:00]} 49. f7 {[%clk 0:17:24]} Kxb3 {[%clk 0:35:26]} 0-1

[Event "Girls U12 Polish Youth Championship"]
[Site "chess24.com"]
[Date "2018.05.03"]
[Round "7"]
[White "Szymajda, Karolina"]
[Black "Kowalczyk, Barbara"]
[Result "0-1"]
[Board "10"]
[WhiteElo "1215"]
[WhiteCountry "POL"]
[WhiteFideId "21836566"]
[WhiteEloChange "-9"]
[BlackElo "1261"]
[BlackCountry "POL"]
[BlackFideId "21837317"]
[BlackEloChange "9"]

1. e4 {[%clk 1:30:57]} e5 {[%clk 1:30:20]} 2. Nf3 {[%clk 1:31:20]} Nc6 {[%clk
1:29:58]} 3. Bb5 {[%clk 1:31:41]} a6 {[%clk 1:29:39]} 4. Ba4 {[%clk 1:32:05]} Nf6
{[%clk 1:29:13]} 5. O-O {[%clk 1:32:18]} Nxe4 {[%clk 1:29:14]} 6. Re1 {[%clk
1:32:00]} Nc5 {[%clk 1:29:20]} 7. Bxc6 {[%clk 1:32:11]} dxc6 {[%clk 1:28:10]} 8.
Nxe5 {[%clk 1:31:55]} Be7 {[%clk 1:27:03]} 9. Nc3 {[%clk 1:24:06]} Qd6 {[%clk
1:14:58]} 10. Qe2 {[%clk 1:22:08]} Be6 {[%clk 1:11:20]} 11. d3 {[%clk 1:15:33]}
O-O-O {[%clk 1:03:37]} 12. Nxf7 {[%clk 1:15:51]} Bxf7 {[%clk 1:03:11]} 13. Qxe7
{[%clk 1:12:48]} Rhe8 {[%clk 1:02:38]} 14. Bf4 {[%clk 1:12:44]} Rxe7 {[%clk
1:02:25]} 15. Bxd6 {[%clk 1:13:09]} Rxe1+ {[%clk 1:02:37]} 16. Rxe1 {[%clk
1:11:19]} cxd6 {[%clk 1:02:23]} 17. h3 {[%clk 1:10:48]} Re8 {[%clk 1:02:35]} 18.
Rxe8+ {[%clk 1:09:16]} Bxe8 {[%clk 1:02:35]} 19. d4 {[%clk 1:10:37]} Ne6 {[%clk
1:02:43]} 20. d5 {[%clk 1:10:22]} Nd4 {[%clk 1:02:16]} 21. dxc6 {[%clk 1:10:33]}
Bxc6 {[%clk 1:02:07]} 0-1